000 00589nam a2200205Ia 4500
005 20250326144423.0
008 250326s9999 xx 000 0 und d
020 _a978-1-4051-6906-6
037 _aTextbook
040 _aFMSL
_beng
_cFMSL
041 _aeng
_2eng
084 _aX:1.1 P9
_qFMSL
100 _aLechner Frank J
245 0 _aGlobalization : making of world society
_cLechner Frank J
260 _aNew Jersey
_bNew Jersey, Wiley-Blackwell
_c2009
300 _axviii,317
365 _b4395.8564999999999
942 _cTB
_hX:1.1 P9
999 _c1303635
_d1303635